LEADER 01335nam a2200289 a 4500 001 000000149057 003 CaOOAMICUS 005 20160203102127.0 008 160203s2015 it 001 udeng r 020 $a978-88-7839-320-2* 032 $aLibriCat 040 $aPUL$bita 245 00$aLonergan's anthropology revisited :$bthe next fifty years of Vatican II /$cedited by Gerard Whelan, S.J. 260 $aRoma :$bGregorian & Biblical Press,$cİ2015. 300 $a536 p. ;$c23 cm. 490 1 $aAnalecta Gregoriana ;$v324 504 $aInclude riferimenti bibliografici ed indice. 600 14$aLonergan, Bernard Joseph Francis,$cS.I.,$d1904-1984$xCritica e interpretazione.$0(OLS)http://pul/subject/27742 700 1 $aWhelan, Gerard.$0(OLS)http://pul/name/90836 830 0$aAnalecta Gregoriana ;$v324.$0(OLS)http://pul/title/183 850 $aPUL 852 $aPUL$W1$xSL Religione 2$y84$mTheol A1 324$j171748$qStampati Altre Collocazioni$B173289$CPULBib$Z2$F173289 $H127012 $81 941 1 $a10 996 $6020$a978-88-7839-320-2*$9(OLS)http://pul/number/159528 996 $6245$aLonergan's anthropology revisited :$bthe next fifty years of Vatican II$9(OLS)http://pul/title/187941 996 $6260$aRoma :$bGregorian & Biblical Press$9(OLS)http://pul/publisher/81048 LEADER 01520nam a2200361 a 4500 001 000000170886 003 CaOOAMICUS 005 20181203095814.0 008 181203s1977 xxu 000 u eng r 020 $a0-672-60256-3* 032 $aLibriCat 040 $aPUL$bita 082 14$a171.3 100 0 $aAristoteles,$d384-322 a.C.$0(OLS)http://pul/name/792 245 10$aNicomachean ethics /$cAristotle ; translated, with introduction and notes by Martin Ostwald . 250 $aSixteenth Printing. 260 $aIndianapolis :$bBobbs Merrill Company,$cİ1977. 300 $axxvii, 316 p. ; $c21 cm. 490 1 $aThe library of liberal arts. Philosophy 504 $aContiene riferimenti bibliografici. 600 04$aAristoteles,$d384-322 a.C.$xEtica.$0(OLS)http://pul/subject/24144 700 1 $aOstwald, Martin.$0(OLS)http://pul/name/109897 830 4$aThe Library of liberal arts.$pPhilosophy.$0(OLS)http://pul/title/211729 850 $aPUL 852 $aPUL$W1$xDP2 Filosofia 3$y112$m171. 3 OSTMA 1$j194169$qDDC 21$B199405$CPULBib$Z2$F199405 $H131825 $81 900 $aAristotle,$d 384-322 a.C.$9792 900 $aAristotele,$d384-322 a.C.$9792 941 1 $a9 996 $6020$a0-672-60256-3*$9(OLS)http://pul/number/165452 996 $6082$a171.3$9(OLS)http://pul/classification/2106 996 $6245$aNicomachean ethics$9(OLS)http://pul/title/118206 996 $6260$aIndianapolis :$bBobbs Merrill Company$9(OLS)http://pul/publisher/69655